• 首页
  • 本馆介绍
  • 公告通知
  • 最新文献
  • 馆藏检索
  • 电子资源
  • 读者导购
  • 参考咨询
  • 我的图书馆
  • 登录
  • 详细信息显示
  • 放入我的书架
  • 预约/预借图书
  • 作者相关作品
  • 分类相关作品
  • 丛书相关作品
  • 出版社相关作品

书目信息

  • 表格格式
  • 工作单格式
  • 卡片格式
题名:
非线性激光光谱学
    
 
作者: 莱托霍夫 , 契勃塔耶夫 著 ;沈乃激 译
分册:  
出版信息: 北京   科学出版社  1984.9
页数: 478页
开本: 20cm
丛书名:
单 册:
中图分类: O433.5
科图分类:
主题词: 光学
电子资源:
ISBN:
000 00681nam0 2200205 45
001 0312221749
005 20060421092711.75
010    @dCNY2.40
100    @a20031222d1984 km y0chiy0120 ea
101    @achi
200 1  @a非线性激光光谱学@AFei Xian Xing Ji Guang Guang Pu Xue@f(苏)V·S·莱托霍夫,V·P·契勃塔耶夫著@F(su)V·S·lai tuo huo fu,V·P·qi bo ta ye fu zhu@g沈乃激译@Gshen nai ji yi
210    @a北京@c科学出版社@d1984.9
215    @a478页@d20cm
606 0  @a光学
690    @aO433.5@v3
701 0  @a莱托霍夫@Alai tuo huo fu@4著
701  0 @a契勃塔耶夫@Aqi bo ta ye fu@4著
702 0  @a沈乃激@Ashen nai ji@4译
801    @aCN@bTSTCL@c20060421
905    @a213230@dO433.5@e36
    
    非线性激光光谱学/(苏)V·S·莱托霍夫,V·P·契勃塔耶夫著/沈乃激译.-北京:科学出版社,1984.9
    478页;20cm
    
    
    ISBN :CNY2.40
    
●
相关链接 在E读中查询图书 在五车中查询图书 在当当中查询图书 在豆瓣中查询图书


正题名:非线性激光光谱学     索取号:O433.5/36         预约/预借

序号 登录号 条形码 馆藏地/架位号 状态 备注
1 0126169   202246088   密集书库/ [索取号:O433.5/36] 在馆    
2 0126170   202098345   第二样本阅览室/ [索取号:O433.5/36] 在馆    
唐山师范学院图书馆 欢迎您!
大连网信软件有限公司© 版权所有